<?xml version="1.0" encoding="UTF-8"?>
<record
    xmlns:xsi="http://www.w3.org/2001/XMLSchema-instance"
    xsi:schemaLocation="http://www.loc.gov/MARC21/slim http://www.loc.gov/standards/marcxml/schema/MARC21slim.xsd"
    xmlns="http://www.loc.gov/MARC21/slim">

  <leader>00993nam a22002297a 4500</leader>
  <controlfield tag="003">OSt</controlfield>
  <controlfield tag="005">20151026133603.0</controlfield>
  <controlfield tag="008">130715s2012    sp ||||| |||| 00| 0 spa d</controlfield>
  <datafield tag="040" ind1=" " ind2=" ">
    <subfield code="c">CDMR</subfield>
  </datafield>
  <datafield tag="100" ind1="1" ind2=" ">
    <subfield code="9">3929</subfield>
    <subfield code="a">D&#xED;az Est&#xE9;vez, Marta</subfield>
  </datafield>
  <datafield tag="245" ind1="1" ind2="0">
    <subfield code="a">Televisi&#xF3;n p&#xFA;blica e identidad regional</subfield>
    <subfield code="b">: los j&#xF3;venes andaluces ante el modelo de servicio p&#xFA;blico de la RTVA</subfield>
    <subfield code="c">Marta D&#xED;az Estevez ; direcci&#xF3;n Bernardo D&#xED;az Nosty, Juan Francisco Guti&#xE9;rrez Lozano</subfield>
    <subfield code="h">[recurs electr&#xF2;nic]</subfield>
  </datafield>
  <datafield tag="260" ind1=" " ind2=" ">
    <subfield code="b">Universidad de M&#xE1;laga</subfield>
    <subfield code="c">2012</subfield>
  </datafield>
  <datafield tag="650" ind1="0" ind2="4">
    <subfield code="9">3082</subfield>
    <subfield code="a">Mitjans de comunicaci&#xF3; social</subfield>
  </datafield>
  <datafield tag="650" ind1="0" ind2="4">
    <subfield code="9">3108</subfield>
    <subfield code="a">Televisi&#xF3; p&#xFA;blica</subfield>
    <subfield code="x">Aspectes sociol&#xF2;gics</subfield>
    <subfield code="z">Andalusia</subfield>
  </datafield>
  <datafield tag="650" ind1="0" ind2="4">
    <subfield code="9">4287</subfield>
    <subfield code="a">Identitat col&#xB7;lectiva</subfield>
  </datafield>
  <datafield tag="650" ind1="0" ind2="4">
    <subfield code="9">2994</subfield>
    <subfield code="a">Tesis i dissertacions acad&#xE8;miques</subfield>
  </datafield>
  <datafield tag="700" ind1="1" ind2=" ">
    <subfield code="9">3204</subfield>
    <subfield code="a">D&#xED;az Noci, Javier</subfield>
  </datafield>
  <datafield tag="700" ind1="1" ind2=" ">
    <subfield code="9">3931</subfield>
    <subfield code="a">Guti&#xE9;rrez Lozano, Juan Francisco</subfield>
  </datafield>
  <datafield tag="710" ind1="2" ind2=" ">
    <subfield code="9">3930</subfield>
    <subfield code="a">Universidad de M&#xE1;laga</subfield>
  </datafield>
  <datafield tag="856" ind1="4" ind2="0">
    <subfield code="u">http://riuma.uma.es/xmlui/handle/10630/5365</subfield>
    <subfield code="y">Disponible en l&#xED;nia (RIUMA)</subfield>
  </datafield>
  <datafield tag="942" ind1=" " ind2=" ">
    <subfield code="2">udc</subfield>
    <subfield code="c">TSN-E</subfield>
  </datafield>
  <datafield tag="999" ind1=" " ind2=" ">
    <subfield code="c">6588</subfield>
    <subfield code="d">6588</subfield>
  </datafield>
  <datafield tag="952" ind1=" " ind2=" ">
    <subfield code="0">0</subfield>
    <subfield code="1">0</subfield>
    <subfield code="4">0</subfield>
    <subfield code="7">0</subfield>
    <subfield code="a">CDMR</subfield>
    <subfield code="b">CDMR</subfield>
    <subfield code="d">2013-07-15</subfield>
    <subfield code="l">0</subfield>
    <subfield code="p">CDMR13096904</subfield>
    <subfield code="r">2013-07-15</subfield>
    <subfield code="w">2013-07-15</subfield>
    <subfield code="y">TSN-E</subfield>
    <subfield code="z">Tesi dispositada a RIUMA (Repositorio Institucional de la Universidad de M&#xE1;laga)</subfield>
  </datafield>
</record>
